000 00481nam a2200205Ia 4500
003 OSt
005 20230306144933.0
008 210210b1939 xxu||||| |||| 00| 0 eng d
040 _cAL
041 _aeng
082 _a335/168
100 _aJATHER
_974246
245 _aIndian economics Vol I
260 _aLondon
_bOxford University Press
_c1939
440 _a1
_974247
690 _aIndian Economics
_974248
700 _aBERI
_974249
906 _a004511
942 _2ddc
_cBK
999 _c125920
_d125920